[Event "IND-ch U13 Girls 31st"]
[Site "Jalandhar"]
[Date "2017.06.25"]
[Round "7"]
[White "Sai Divya, M."]
[Black "Vysetty, Sahithi"]
[Result "1-0"]
[WhiteElo "1605"]
[BlackElo "1323"]
[PlyCount "45"]
[EventDate "2017.06.21"]
[EventType "swiss"]
[EventRounds "11"]
[EventCountry "IND"]
[SourceTitle "CBM 179 Extra"]
[Source "ChessBase"]
[SourceDate "2017.08.23"]
[SourceVersion "1"]
[SourceVersionDate "2017.08.23"]
[SourceQuality "1"]

1. d4 d5 2. c4 c6 3. Nc3 Nf6 4. e3 e6 5. Nf3 Nbd7 6. Bd3 dxc4 7. Bxc4 b5 8. Bd3 Be7 9. e4 Nb6 10. 0-0 0-0 11. Qc2 h6 12. Qe2 a6 13. Rd1 Bb7 14. e5 Nfd5 15. Qe4 g6 16. Bxh6 Re8 17. Qg4 Kh7 18. Ng5+ Bxg5 19. Bxg5 f6 20. Qh5+ Kg7 21. Qxg6+ Kf8 22. Bh6+ Ke7 23. Qg7# 1-0

[Event "IND-ch U13 Girls"]
[Site "Gujarath"]
[Date "2016.07.25"]
[Round "5"]
[White "Abhirami, Madabushi"]
[Black "Vysetty, Sahithi"]
[Result "1-0"]
[WhiteElo "1604"]
[BlackElo "1177"]
[PlyCount "53"]
[EventDate "2016.07.22"]
[EventType "swiss"]
[EventRounds "11"]
[EventCountry "IND"]
[SourceTitle "EXT 2017"]
[Source "ChessBase"]
[SourceDate "2016.10.25"]
[SourceVersion "1"]
[SourceVersionDate "2016.10.25"]
[SourceQuality "1"]

1. e4 c6 2. d4 d5 3. Nd2 dxe4 4. Nxe4 Bf5 5. Ng3 Bg6 6. Nf3 Nd7 7. Bd3 Bxd3 8. Qxd3 Qc7 9. Bd2 0-0-0 10. c3 e6 11. Qe2 Ngf6 12. 0-0 h6 13. b4 g5 14. Ne4 Nxe4 15. Qxe4 Nf6 16. Qe2 Bd6 17. g3 Qe7 18. Rab1 Nd7 19. c4 f5 20. c5 Bb8 21. b5 cxb5 22. Qxb5 Nf6 23. c6 Rh7 24. cxb7+ Qxb7 25. Rfc1+ Rc7 26. Qxb7+ Kd7 27. Ne5+ 1-0